1336 1260 1635 1568 1993 1144 1886 1672 1789 1835 1268 1246 1369 1333 1817 1829 1383 1359 1522 1335 1482 1462 1191 1055 1744 1095 1798 1515 1361 1486 1980 1330 1403 1381 1615 1440 1195 1465 1035 1365 1410 1792 1803 1375 1155 1341 1176 1498 1359 1505 1594 1071 1846 1175 1057 1661 1001 1676 1759 1968 1913 1050 1980 1668 1426 1313 1117 1810 1923 1845 1526 1447 1958 1331 1174 1631 1608 1175 1229 1927 1015 1676 1626 1096 1471 1528 1446 1524 1098 1119 1154 1358 1432 1349 1376 1316 1517 1525 1478 BCNSPRNW ULIB Ver.6.0+V

เปลี่ยนเป็นภาษาไทย

Change to English
 แสดงรายละเอียดบรรณานุกรม
  กลับหน้าหลัก

Brief Record : Get Marc (ISO 2709) : E-mail record : QR code < ปิดหน้าต่าง
LEADER : 00000nam 2200000uu 4500
001    13399127158
003     ULIB
008    191018s2562||||th 000 0 tha d
020 ^- ^a9786167735993
050 ^- ^aนว.^bพ119ป
100 0^ ^aพงศกร.
245 10 ^aเปลวกนก ชุดคุณหญิงยอดนักสืบ /^cพงศกร.
250 ^- ^aพิมพ์ครั้งที่ 1.
260 ^- ^aกรุงเทพฯ :^bกรู๊ฟ พับลิชชิ่ง,^c2562
300 ^- ^a395 หน้า.
945    ^p340^l0^i006345
999    ^aประนอม เกษจรัล
รายการนี้ยังไม่มีแท็ก
คุณยังไม่ได้ล็อกอิน คุณสามารถมีกิจกรรมร่วมกับเว็บไซต์ได้ แต่ต้องล็อกอินก่อน ::
  ล็อกอิน

รายการสื่อสารสนเทศ

ลำดับที่ ประเภท เลขเรียก/บาร์โค้ด สถานที่ สถานะ
1. นวนิยาย
นวนิยาย
นว. พ119ป ฉ.1 
  Barcode: 006345
ห้องสมุดวิทยาเขตนครสวรรค์
►นวนิยาย:l:Fiction
บนชั้น

รายการใกล้เคียง
    ผู้แต่ง [พงศกร.]

BibComment


ยังไม่เคยถูกคอมเมนท์

คอมเมนท์ทรัพยากรรายการนี้
  คอมเมนท์: เปลวกนก ชุดคุณหญ..


 Copyright 2026. Bcnsprnw @Library